| 000 | 00857nam a2200253 i 4500 | ||
|---|---|---|---|
| 001 | 78030 | ||
| 003 | ES-MaACL | ||
| 005 | 20230906173512.0 | ||
| 007 | t| | ||
| 008 | 041008s1973 sp ||||1| spa d | ||
| 020 | _a84-01-01038-X | ||
| 080 | _a821.113.5-31"18" | ||
| 100 | 1 |
_aHamsun, Knut. _961705 |
|
| 245 | 1 | 0 |
_aTrilogía del vagabundo / _cKnut Hamsun ; [traducciones de F.C., Pedro Camacho, Luis Molins]. |
| 246 | 3 | _aBajo las estrellas de otoño | |
| 260 |
_a[Barcelona] : _bPlaza & Janés, _c[1973] ( _fGuada) |
||
| 300 |
_a637 p. ; _c18 cm. |
||
| 505 | 8 | _aContiene: Bajo las estrellas de otoño ; Un vagabundo toca con sordina ; La última alegría | |
| 700 | 1 |
_aCamacho, Pedro. _933964 |
|
| 700 | 1 |
_aMolins Correa, Luis. _982019 |
|
| 740 | 3 | 2 | _aUn vagabundo toca con sordina. |
| 740 | 3 | 2 | _aLa última alegría. |
| 852 | 4 |
_aES-MaACL _jC-54983 |
|
| 999 |
_c78030 _d78030 |
||